Literatura y politica.

Saved in:
Bibliographic Details
Main Author: Olivar Bertrand, Rafael
Format: Book
Language:Spanish
Published: Barcelona : Delos-Ayma, 1967.
Series:Coleccion fiel contraste ; 5
Subjects:
LEADER 00829nam a22002291 4500
001 c000207446
003 CARM
005 20021125002100.0
008 851211s1967 sp 00000 spa d
019 1 |a 4241070  |5 LACONCORD2021 
035 |a (OCoLC)4847788  |5 LACONCORD2021 
100 2 |a Olivar Bertrand, Rafael. 
245 1 0 |a Literatura y politica. 
260 |a Barcelona :  |b Delos-Ayma,  |c 1967. 
440 0 |a Coleccion fiel contraste ;  |v 5 
650 0 |a Spanish literature  |y 20th century. 
650 0 |a Politics in literature. 
650 0 |a Spanish literature  |y 19th century. 
852 8 |b CARM  |h A2:AK27A0  |i A03072  |p 0286236  |f BK 
082 0 4 |a 860.9005 
999 f f |i ca3c1a0f-995d-5e95-a029-f9d27361fe12  |s 12116889-9a78-5c8c-93f7-d66475471a83 
952 f f |p Can circulate  |a CAVAL  |b CAVAL  |c CAVAL  |d CARM 1 Store  |e A03072  |f A2:AK27A0  |h Other scheme  |i book  |m 0286236